|
|
|
|
| LEADER |
00000nam a2200000Ia 4500 |
| 008 |
180403b1996 cr ||||| |||| 00| | spa d |
| 999 |
|
|
|c 1023
|d 1023
|
| 020 |
|
|
|a 9977673020
|
| 090 |
|
|
|a 05.02.01
|b 1455
|
| 100 |
1 |
|
|9 167
|a Ortíz, María Salvadora
|
| 245 |
1 |
0 |
|a Identidades y Producciones Culturales en América Latina /
|c María Salvadora Ortíz O.
|
| 260 |
|
|
|a San José, Costa Rica:
|b Editorial de la Universidad de Costa Rica,
|c 1996
|
| 300 |
|
|
|a 726 páginas
|
| 490 |
|
|
|a Colección Identidad Cultural
|
| 650 |
1 |
4 |
|a CULTURA TRADICIONAL
|9 1249
|
| 650 |
1 |
4 |
|a LITERATURA
|9 655
|
| 650 |
1 |
4 |
|a HISTORIA
|9 22
|
| 942 |
|
|
|i 002032
|h 05.02.01 1455
|2 z
|c 01
|